Formula One Drivers By Career Path #2 - Statistics

General Stats
  • This quiz has been taken 17 times
  • The average score is 7 of 10
Answer Stats
Teams Answer % Correct
Renault-Manor-Force India-Racing Point-Renault-Alpine-Haas Esteban Ocon
100%
Williams-Racing Point-Aston Martin Lance Stroll
90%
Toro Rosso-Red Bull-Toro Rosso-Alpha Tauri-Alpine Pierre Gasly
90%
BMW Sauber-Toro Rosso-Red Bull-Ferrari-Aston Martin Sebastian Vettel
90%
Mclaren-Renault-Haas Kevin Magnussen
70%
Sauber-McLaren-Ferrari-Lotus-Ferrari-Alfa Romeo Kimi Raikkonen
70%
Ferrari-Haas Oliver Bearman
60%
March-BRM-Ferrari-Brabham-McLaren Niki Lauda
50%
Lotus-March-Ferrari-Parnelli-Lotus-Parnelli-Lotus-Alfa Romeo-Williams-Ferrari Mario Andretti
40%
Theodore-ATS-Wolf-Fittipaldi-Williams-McLaren Keke Rosberg
20%
No matching quizzes found
Score Distribution
Percent of People with Each Score
Percentile by Number Answered
Your Score History
You have not taken this quiz